Cultural factors influencing EFL students' participation in group work in EFL speaking classes : Master of education. Program Principles and methods in English language education
Exploring Vietnamese cultural factors influencing EFL students' participation in group work in EFL speaking classes
Αποθηκεύτηκε σε:
| Κύριος συγγραφέας: | |
|---|---|
| Μορφή: | Βιβλίο |
| Γλώσσα: | Undetermined |
| Έκδοση: |
Can Tho
Can Tho University
2016
|
| Θέματα: | |
| Ετικέτες: |
Προσθήκη ετικέτας
Δεν υπάρχουν, Καταχωρήστε ετικέτα πρώτοι!
|
| Thư viện lưu trữ: | Trung tâm Học liệu Trường Đại học Cần Thơ |
|---|
| LEADER | 00929nam a2200229Ia 4500 | ||
|---|---|---|---|
| 001 | CTU_213732 | ||
| 008 | 210402s9999 xx 000 0 und d | ||
| 082 | |a 428.2407 | ||
| 082 | |b Tr312 | ||
| 088 | |a 60140111 | ||
| 100 | |a Nguyễn, Thị Tú Trinh | ||
| 245 | 0 | |a Cultural factors influencing EFL students' participation in group work in EFL speaking classes : | |
| 245 | 0 | |b Master of education. Program Principles and methods in English language education | |
| 245 | 0 | |c Nguyễn Thị Tú Trinh ; Thái Công Dân (Supervisor) | |
| 260 | |a Can Tho | ||
| 260 | |b Can Tho University | ||
| 260 | |c 2016 | ||
| 520 | |a Exploring Vietnamese cultural factors influencing EFL students' participation in group work in EFL speaking classes | ||
| 650 | |a Tiếng Anh,English languages | ||
| 650 | |x dạy và học,Study and teaching | ||
| 904 | |i Nguyên | ||
| 980 | |a Trung tâm Học liệu Trường Đại học Cần Thơ | ||